| 000 | 00397nam a22001697a 4500 | ||
|---|---|---|---|
| 005 | 20230112103056.0 | ||
| 008 | 160531b xxu||||| |||| 00| 0 eng d | ||
| 020 | _a81-272-2648-3 | ||
| 041 | _aeng | ||
| 082 |
_b6334 _a658 |
||
| 100 | _aGupta, R. S. and others | ||
| 245 | _aPrinciples of business Management | ||
| 260 | _bKolyani | ||
| 300 | _a275 | ||
| 650 |
_aManagement _9241 |
||
| 942 | _cBK | ||
| 999 |
_c2233 _d2232 |
||